| 000 | 00934nas a2200289 4500 | ||
|---|---|---|---|
| 001 | BR2014006248 | ||
| 003 | BR-BrBNA | ||
| 005 | 20231205124600.0 | ||
| 007 | ta | ||
| 008 | 230509b bl.|||p| |||| 00| 00por d | ||
| 040 |
_aBR-BrBNA _bpor _cBiblioteca Nacional de Agricultura |
||
| 041 | _a(Pt) | ||
| 072 | _aP10; U40; P36 | ||
| 100 | 1 | _aPinto, C.E.T. | |
| 100 | 1 | _aMenezes, P.H.J.B. | |
| 100 | 1 | _aMartinez, J.M. | |
| 100 | 1 | _aRoig, H.L. | |
| 100 | 1 | _aVillar, R.A.E. | |
| 245 | 1 | _aUso de imagens MODIS no monitoramento do fluxo de sedimentos no reservatório de Três Marias | |
| 650 | _aSENSORIAMENTO REMOTO | ||
| 650 | _aFOTOINTERPRETAÇÃO | ||
| 650 | _aSATÉLITE | ||
| 650 | _aDETERIORAÇÃO DO SOLO | ||
| 773 | 0 |
_tRevista Brasileira de Engenharia Agrícola e Ambiental (Brazil) _xISSN 1415-4366 _g(May 2014), V. 18(5) p. 507-516 _wBR2014006248 |
|
| 909 |
_a202311 _bLúcia _c55 _dLúcia Elande |
||
| 942 |
_2AGRIS _n0 _cANA |
||
| 999 |
_c239833 _d239833 |
||